000 00780 a2200205 4500
005 20260218101709.0
008 260218b |||||||| |||| 00| 0 eng d
020 _a9789349180116
_cरु 197.00
040 _aMAIN
082 _a891.43301621
_bरु 250.00
100 _aचौहान, सुभद्रा कुमारी
110 _aराम, वन्दना, सम्पा.
245 _aधरोहर कहानियाँ : सुभद्रा कुमारी चौहान
250 _aLatest edition
260 _bलोकभारती प्रकाशन
_c2025
_aप्रयागराज
300 _a197
650 _aहिन्दी साहित्य
651 _aकहानी-संग्रह
942 _cHN
999 _c393968
_d393968